000 00746nam a2200241Ia 4500
001 dia_4075
003 CHAP
005 20221115134639.0
008 220117s1984 xx 000 0 und d
010 _a174688
040 _cCHAP
090 _aFOLLETO 2399
100 _aValle García, Pablo
_9117596
245 _aCombata oportunamente la cenicilla de la vid /
_c Pablo Valle García
260 _aMéxico :
_b INIA, Campo Agrícola Experimental Pabellón,
_c1984
300 _aS.p.
500 _aS/c (Desplegable para productores, 8)
650 _aViticultura
_xPlagas y Enfermedades
_9155644
901 _aFOLLETO 2399
902 _aM
905 _a0000001984 mx 0000000000spa00
942 _cFOLL
_2local
999 _c174688
_d174688